banner-ar

نظام تصنيف مكتبة الكونغرس : (Record no. 49099)

MARC details
000 -الفاتح
حقل البيانات ثابتة الطول 00621nam a2200181Ia 4500
008 - عناصر البيانات ثابتة الطول - معلومات عامة
حقل البيانات ثابتة الطول 140319s9999 xx 000 0 ara d
040 ## - مصدر الفهرسة
وكالة الفهرسة الأصلية GCL /
وكالة النسخ GCL
082 04 - رقم تصنيف ديوى العشرى
رقم التصنيف 025.43
رقم المادة ق ن
100 1# - المدخل الرئيسى - إسم شخصى
الإسم الشخصى قاسم محمد كوفحى
245 10 - بيان العنوان
العنوان نظام تصنيف مكتبة الكونغرس :
بقية العنوان دليل عملى للمكتبين وطلاب المكتبات /
بيان المسئوليه,etc قاسم محمد كوفحى
700 1# - المدخل الاضافى - اسم شخصى
الإسم الشخصى عدنان عبدالله جلامنه
300 ## - الوصف المادى
التعداد 238 ص
650 04 - المدخل الاضافى بالموضوع-مصطلح موضوعى
مصطلح موضوعي التصنيف
650 04 - المدخل الاضافى بالموضوع-مصطلح موضوعى
مصطلح موضوعي المكتبات، علم
650 04 - المدخل الاضافى بالموضوع-مصطلح موضوعى
مصطلح موضوعي تصنيف مكتبة الكونجرس
942 ## - عناصر المدخل الإضافي( كوها)
مصدر التصنيف او مخطط الترفيف Dewey Decimal Classification
Koha [default] item type كتاب
Holdings
حالة التراجع حالة الفقد حالة تلف ليس للاعارة المكان المؤقت الموقع الحالى تاريخ الاكتساب اجمالي اﻻعارات رقم الطلب الباركود تاريخ اخر مشاهدة تاريخ تفعيل السعر نوع وعاء كوها
        مكتبة القاهرة الكبرى مكتبة القاهرة الكبرى 03/26/2014   025.43\ق ن 118037 03/26/2014 03/26/2014 كتاب
        مكتبة القاهرة الكبرى مكتبة القاهرة الكبرى 03/26/2014   025.43\ق ن 118038 03/26/2014 03/26/2014 كتاب

Powered By

EGPV